[Event "Catalunya-ch U14"]
[Site "Saragosa"]
[Date "2014.02.01"]
[Round "4.9"]
[White "Cros Garcia, Marc"]
[Black "Verdaguer Camps, Adria"]
[Result "1-0"]
[WhiteElo "1765"]
[BlackElo "1700"]
[PlyCount "23"]
[EventDate "2014.01.25"]
[EventType "swiss"]
[EventRounds "8"]
[EventCountry "ESP"]
[SourceTitle "EXT 2024"]
[Source "ChessBase"]
[SourceDate "2023.10.10"]
[SourceVersion "1"]
[SourceVersionDate "2023.10.10"]
[SourceQuality "1"]

1. e4 Nf6 2. Nc3 g6 3. d4 Bg7 4. Nf3 0-0 5. Bc4 c6 6. e5 d5 7. exf6 exf6 8. Be2 Qe8 9. 0-0 Na6 10. Re1 c5 11. Bxa6 bxa6 12. Rxe8 1-0